• 首页
  • 本馆介绍
  • 公告通知
  • 最新文献
  • 馆藏检索
  • 电子资源
  • 读者导购
  • 参考咨询
  • 我的图书馆
  • 登录
  • 详细信息显示
  • 放入我的书架
  • 预约/预借图书
  • 作者相关作品
  • 分类相关作品
  • 丛书相关作品
  • 出版社相关作品

书目信息

  • 表格格式
  • 工作单格式
  • 卡片格式
题名:
旅游规划教程
    
 
作者: 赵黎明 , 黄安民 编著
分册:  
出版信息: 北京   科学出版社  2005
页数: 263页
开本: 24cm
丛书名:
单 册:
中图分类: F590.1
科图分类:
主题词: 旅游经济--经济规划--高等学校--教材
电子资源:
ISBN: 7-03-015684-6
000 00853nam0 2200253 450
001 012003976597
005 20070805081903.79
010    @a7-03-015684-6@dCNY23.00
100    @a20050826e20062005em y0chiy0110 ea
101 0  @achi
102    @aCN@b110000
105    @ay z 000yy
106    @ar
200 1  @a旅游规划教程@Alv you gui hua jiao cheng@f赵黎明,黄安民编著@Fzhao li ming, huang an min bian zhu
210    @a北京@c科学出版社@d2005@h2006重印
215    @a263页@d24cm
300    @a21世纪高等院校教材
330    @a本书介绍了旅游规划的组织结构、框架体系和工作模式,以及一套旅游规划的规范化的操作程序,同时引用了大量规划案例。
606 0  @a旅游经济@x经济规划@x高等学校@j教材
690    @aF590.1@v4
701  0 @a赵黎明@Azhao li ming@4编著
701  0 @a黄安民@Ahuang an min@4编著
801  0 @aCN@b110019@c20070805
905    @dF590.1@e179@f5
    
    旅游规划教程/赵黎明,黄安民编著.-北京:科学出版社,2005(2006重印)
    263页;24cm
    21世纪高等院校教材
    
    ISBN 7-03-015684-6:CNY23.00
    本书介绍了旅游规划的组织结构、框架体系和工作模式,以及一套旅游规划的规范化的操作程序,同时引用了大量规划案例。
●
相关链接 在E读中查询图书 在五车中查询图书 在当当中查询图书 在豆瓣中查询图书


正题名:旅游规划教程     索取号:F590.1/179         预约/预借

序号 登录号 条形码 馆藏地/架位号 状态 备注
1 0852899   208528994   第一样本阅览室/ [索取号:F590.1/179] 在馆    
2 0852900   208529001   第一借阅区/ [索取号:F590.1/179] 在馆    
3 0852901   208529010   第一借阅区/ [索取号:F590.1/179] 在馆    
4 0852902   208529029   第一借阅区/ [索取号:F590.1/179] 在馆    
5 0852903   208529038   第一借阅区/ [索取号:F590.1/179] 在馆    
唐山师范学院图书馆 欢迎您!
大连网信软件有限公司© 版权所有